000 00427nam a2200169Ia 4500
005 20250516033748.0
008 240331s9999 xx 000 0 und d
020 _a9555530017
082 _a300.5
_bAMA
100 _aAmarasekare, D
245 0 _aSamaja viddyawe mulika sankalpa
250 _a2nd
260 _aVarakapola
_bAriya Publishers
_c1987
300 _a204 p .,
500 _aSocial Science & an Resolution
942 _cL
999 _c989
_d989